000 00853cab a2200217 4500
001 WB2941-44
008 090401t1993 xxu||||| |||| 00| 0 eng d
035 _a(Sirsi) u62780
041 _aeng
245 _aAmended leasehold reform forms
260 _c1993
350 _a0
490 _aOyez Forms Information Service
_vOctober 1993 (2)
520 _aAnnounces two new forms under Leasehold Reform Act 1967 for notice of leaseholders claim due to changes made by the Leasehold Reform Housing and Urban Development ACt 1993.
650 _aLEASEHOLD REFORM (NOTICES) (AMENDMENT) REGULATIONS 1993
650 _aLEASEHOLD REFORM ACT 1967
650 _aLEASEHOLD REFORM, HOUSING AND URBAN DEVELOPMENT ACT 1993
690 _aPROPERTY-RESIDENTIAL PROPERTY-RESIDENTIAL LANDLORD AND TENANT-RESIDENTIAL TENANCIES
942 _n0
948 _c04/03/1997
999 _c38992
_d38992